00650nas a2200205Ia 4500001001600000003001000016005001700026008004100043040002500084041000700109100003100116245008300147250003600230260000900266300001300275500006700288650001100355654001200366700006600378A03/R024-41704 IT-MiCISF20250708141017.0161014c99999999xx |||||||||||| ||und|| aIT-MiCISFcIT-MiCISF ait aCampanini Giorgio (et al.) 0aLa solitudine dei fidanzati. Chiesa e società civile accanto ai futuri sposi a"Famiglia oggi", n. 10, ottobre c2005 app. 8-40 a coppia, fidanzamento, preparazione-al-matrimonio, televisione aCoppia adossier aKoch M.C., Cesari Lusso V., Benacchio A., Deriu M., Boffi P.